| 000 | 01408aam a2200373 i 4500 | ||
|---|---|---|---|
| 001 | 768714001 | ||
| 003 | CO-MdFUSB | ||
| 005 | 20250716103546.0 | ||
| 007 | ta | ||
| 008 | 240927t2012 -us |||| |||| 00| 0 spa d | ||
| 020 | _a9780829763782 | ||
| 040 | _cCO-MdFUSB | ||
| 041 | 0 |
_aspa _heng |
|
| 082 | 0 | 4 |
_a248.4 _223 _bW292 |
| 100 | 1 |
_aWarren, Rick _eautor |
|
| 240 | _aThe purpose driven life | ||
| 245 | 1 | 0 |
_aUna vida con propósito : _b¿para qué estoy aquí en la tierra? _c/ Rick Warren ; traducido por David Fuchs , Esteban Fernández ; editado por Eugenio Torres , Madeline Díaz |
| 250 | _aedición ampliada | ||
| 264 | 1 |
_bVida, _aMiami, FL., USA : _c[2012] |
|
| 264 | 4 | _c©2012 | |
| 300 |
_a367 páginas _c; 23 cm |
||
| 336 |
_atexto _btxt _2rdacontent |
||
| 337 |
_2rdamedia _asin mediación _bn |
||
| 338 |
_2rdacarrier _avolumen _bnc |
||
| 505 | _a¿Para qué estoy aquí en la tierra? -- Fuiste planeado para agradar a Dios. -- Fuiste hecho para la familia de Dios. -- Fuiste creado para ser como Cristo. -- Fuiste formado para servir a Dios. -- Fuiste hecho para una misión. | ||
| 563 | _aRústico | ||
| 650 | 0 |
_aVida cristiana _919 |
|
| 700 |
_aFuchs, David, _911765 _etraductor |
||
| 700 |
_aFernández, Esteban, _911766 _etraductor |
||
| 700 |
_aTorres, Eugenio, _911767 _eeditor |
||
| 700 |
_aDíaz, Madeline, _911768 _eeditor |
||
| 942 | _cBK | ||
| 945 | _aJTF-925 | ||
| 999 |
_c71393 _d71393 |
||